Normale Ansicht MARC-Ansicht ISBD

Walther Rauff - In deutschen Diensten : (Titelsatznr. 36506)

[ MARC ]
MARC-Details
000 -Satzkennung
Kontrollfeld mit fester Länge 00658nam a22002051c 4500
001 - Kontrollnummer
Kontrollfeld 9783534262793-nbs
008 - Feld mit fester Länge zur physischen Beschreibung - Allgemeine Angaben
Kontrollfeld mit fester Länge 141002s2013 gw a||| 000u ger d
020 ## - Internationale Standardbuchnummer
Internationale Standardbuchnummer 9783534262793
Verknüpfung 978-3-534-26279-3
041 ## - Sprachcode
Sprachcode des Textes/der Tonspur oder des separaten Titels ger
040 ## - Katalogisierungsquelle
Übertragungsstelle RU-10907106
003 - Kontrollnummer Identifier
Kontrollfeld RU-10907106
100 1# - Haupteintragung - Personenname
Personenname Cüppers, Martin
245 00 - Titel
Titel Walther Rauff - In deutschen Diensten :
Zusatz zum Titel vom Naziverbrecher zum BND-Spion
264 ## - Produktion, Veröffentlichung, Distribution, Herstellung und Urheberrechtsvermerk
Herstellungs-, Veröffentlichungs- Vertriebs-, Erzeugungsort Darmstadt :
Produzent, Herausgeber, Distributor, Hersteller Wissenschaftliche Buchgesellschaft,
Datum der Herstellung, der Veröffentlichung, des Vertriebs oder des Urheberschutzvermerks 2013
300 ## - Physische Beschreibung
Umfang 438 S.: Ill
490 #0 - Gesamttitelangabe
Gesamttitelangabe Veröffentlichungen der Forschungsstelle Ludwigsburg der Universität Stuttgart
Bandnummer/Folgebezeichnung 24
600 #0 - Nebeneintragung unter einem Schlagwort - Personenname
Personenname Rauff, Walther
655 #0 - Indexierungsterm - Genre/Form
Genre/Form oder fokussierter Term
942 ## - Zusätzliche Felder (Koha)
Koha-Medientyp Monographien
Exemplare
Ausgeschieden Verloren Klassifikation oder Aufstellungssystematik Beschädigt Nicht entleihbar Heimatbibliothek Aufenthaltsbibliothek Aufstellungsort Erwerbungsdatum Inventarnummer Signatur Barcode Letzte Aktivität Preis gültig von Koha-Medientyp
    Andere/Generische Klassifikation     MWN Osteuropa MWN Osteuropa Lesesaal - 1 02/10/2014 14-02441 D 52 rd Cüp E0040150790B3607 23/02/2021 22/03/2021 Monographien